000 00658nam a2200217Ia 4500
003 GCL
008 140319s9999 xx 000 0 ara d
040 _aGCL /
_cGCL
082 0 4 _a956.533
_bص ت
100 1 _aصالح زهرالدين
245 1 0 _a"تاريخ المسلمين الموحدين ""الدروز""" /
_cصالح زهرالدين
260 _a[S.N] :
_bالمركز العربى للابحاث والتوثيق ،
_c1994
300 _a340 ص
490 _a
650 0 4 _aالدولة الفاطمية
650 0 4 _aلبنان
650 0 4 _aالشيعة
650 0 4 _aالدروز
650 0 4 _aجبل لبنان
942 _2ddc
_cBK
999 _c37243
_d37243